000 00781nam a2200205Ii 4500
003 JO-AjNU
008 230605s9999||||xx |||||||||||||| ||und||
017 _a2009/9/3879
040 _aJO-AjNU
_bara
_erda
_cJO-AjNU
041 _aara
050 1 4 _aPJ7750.M8.Z72 2009
100 3 _aتأليف الكركي خالد,
_eauthor
_923052
245 0 0 _aالصائح المحكي صورة المتنبي في الشعر العربي الحديث: دراسة ومختارات
264 3 1 _aعمان:وزارة الثقافة،2009
300 _a422ص
336 _atext
_btxt
_2rdacontent
337 _aunmediated
_bn
_2rdamedia
338 _avolume
_bnc
_2rdacarrier
650 4 _aالشعراء العرب - العصر العباسي - تراجم - الأدباء العرب
_923053
999 _aA8279
_c11847
_d11847